00496nam a2200169Ia 4500003000900000008004100009040001600050080001600066100002100082245008000103260003200183300001600215650002200231650002700253650002700280650001900307IN-BaIIA211028s9999 xx 000 0 eng d cIIA Library a517.53bLEP aLepage, Wilbur R 0aComplex variables and the laplace transform for engineerscWilbur R. Lepage aNew YorkbMcGraw-Hillc1961 axvii, 475p. aComplex Variables aDifferential Equations aLaplace Transformation aNASA Thesaurus